|
|
|
|
| LEADER |
02119nam a2200457 a 4500 |
| 001 |
EBC3019478 |
| 003 |
MiAaPQ |
| 005 |
20200520144314.0 |
| 006 |
m o d | |
| 007 |
cr cn||||||||| |
| 008 |
090721s2010 nyuabd sb 001 0 eng d |
| 010 |
|
|
|z 2009028464
|
| 020 |
|
|
|z 9781607411215 (hardcover)
|
| 020 |
|
|
|z 1607411210 (hardcover)
|
| 020 |
|
|
|a 9781613249536 (electronic bk.)
|
| 035 |
|
|
|a (MiAaPQ)EBC3019478
|
| 035 |
|
|
|a (Au-PeEL)EBL3019478
|
| 035 |
|
|
|a (CaPaEBR)ebr10671043
|
| 035 |
|
|
|a (OCoLC)767734201
|
| 040 |
|
|
|a MiAaPQ
|c MiAaPQ
|d MiAaPQ
|
| 043 |
|
|
|a n-us---
|a a-ko---
|a e-ru---
|
| 050 |
|
4 |
|a HD9433.A2
|b G58 2010
|
| 082 |
0 |
4 |
|a 382/.416213
|2 22
|
| 245 |
0 |
0 |
|a Global beef trade
|h [electronic resource] /
|c Alessandro Ferrara, editor.
|
| 260 |
|
|
|a New York :
|b Nova Science Publishers,
|c c2010.
|
| 300 |
|
|
|a xi, 253 p. :
|b ill., maps.
|
| 490 |
1 |
|
|a Agriculture issues and policies series
|
| 504 |
|
|
|a Includes bibliographical references and index.
|
| 505 |
0 |
|
|a Global beef trade: effects of animal health, sanitary, food safety, and other measures on United States beef exports / United States International Trade Commission -- United States-South Korea beef dispute: agreement and status / Remy Jurenas and Mark E. Manyin -- Mad cow disease and United States beef trade / Charles E. Hanrahan and Geoffrey S. Becker -- United States-Russia meat and poultry trade issues / Geoffrey S. Becker.
|
| 533 |
|
|
|a Electronic reproduction. Ann Arbor, MI : ProQuest, 2015. Available via World Wide Web. Access may be limited to ProQuest affiliated libraries.
|
| 650 |
|
0 |
|a Beef industry.
|
| 650 |
|
0 |
|a Beef industry
|z United States.
|
| 650 |
|
0 |
|a Beef industry
|z Korea (South)
|
| 650 |
|
0 |
|a Beef industry
|z Russia (Federation)
|
| 650 |
|
0 |
|a Poultry industry
|z United States.
|
| 650 |
|
0 |
|a Poultry industry
|z Russia (Federation)
|
| 655 |
|
4 |
|a Electronic books.
|
| 700 |
1 |
|
|a Ferrara, Alessandro,
|d 1956-
|
| 710 |
2 |
|
|a ProQuest (Firm)
|
| 830 |
|
0 |
|a Agriculture issues and policies series.
|
| 856 |
4 |
0 |
|u https://ebookcentral.proquest.com/lib/matrademy/detail.action?docID=3019478
|z Click to View
|